Southville International School and Colleges
Your cart is empty.
  • Cart
  • Lists
    Public lists Eva Luna New books Lux_list list_1
    Your lists Log in to create your own lists
  • Log in to your account
  • Your cookies
  • Search history
Southville International School and Colleges
  • Advanced search
  • Recent comments
  • Most popular
  • Libraries

Log in to your account

Log in with GOOGLE


If you do not have an external account, but do have a local account, you can still log in:

  1. Home
  2. MARC view: Sining ng komunikasyon sa kolehiyo :
Normal view MARC view ISBD view

Sining ng komunikasyon sa kolehiyo : (Record no. 293448)

[ view plain ]
MARC details
000 -LEADER
fixed length control field 00680nam a2200253Ia 4500
003 - CONTROL NUMBER IDENTIFIER
control field SMC
005 - DATE AND TIME OF LATEST TRANSACTION
control field 20170201103740.0
008 - FIXED-LENGTH DATA ELEMENTS--GENERAL INFORMATION
fixed length control field 160418s9999 xx 000 0 und d
020 ## - INTERNATIONAL STANDARD BOOK NUMBER
International Standard Book Number 971-725-083-1
050 ## - LIBRARY OF CONGRESS CALL NUMBER
Classification number FIL PL 6051
050 ## - LIBRARY OF CONGRESS CALL NUMBER
Item number .U45 2003 c.2
100 ## - MAIN ENTRY--PERSONAL NAME
Personal name Ulit, Perla G.
245 ## - TITLE STATEMENT
Title Sining ng komunikasyon sa kolehiyo :
245 ## - TITLE STATEMENT
Remainder of title Filipino I /
245 ## - TITLE STATEMENT
Statement of responsibility, etc Perla G. Ulit.
260 ## - PUBLICATION, DISTRIBUTION, ETC. (IMPRINT)
Place of publication, distribution, etc Makati City:
260 ## - PUBLICATION, DISTRIBUTION, ETC. (IMPRINT)
Name of publisher, distributor, etc Grandwater Pub.,
260 ## - PUBLICATION, DISTRIBUTION, ETC. (IMPRINT)
Date of publication, distribution, etc 2003
300 ## - PHYSICAL DESCRIPTION
Extent 360 pages :
300 ## - PHYSICAL DESCRIPTION
Dimensions 21 cm.
650 ## - SUBJECT ADDED ENTRY--TOPICAL TERM
Topical term or geographic name as entry element Filipino language -- Study and teaching (Higher).
650 ## - SUBJECT ADDED ENTRY--TOPICAL TERM
General subdivision Communication -- Study and teaching -- Philippines.
942 ## - ADDED ENTRY ELEMENTS (KOHA)
Source of classification or shelving scheme Library of Congress Classification
Koha item type Books
Holdings
Withdrawn status Lost status Source of classification or shelving scheme Damaged status Home library Current library Shelving location Date acquired Source of acquisition Cost, normal purchase price Total Checkouts Full call number Barcode Date last seen Koha item type
    Library of Congress Classification   South Mansfield College South Mansfield College Filipiniana Section 03/07/2005 Library Fund 198.00   FIL PL 6051 .U45 2003 c.2 SMC00352 04/18/2016 Books

Sining ng komunikasyon sa kolehiyo :

APA

Ulit P. G., .Sining ng komunikasyon sa kolehiyo. Makati City: .

Chicago

Ulit Perla G, .Sining ng komunikasyon sa kolehiyo. Makati City: .

Harvard

Ulit P. G., .Sining ng komunikasyon sa kolehiyo. Makati City: .

MLA

Ulit Perla G, .Makati City: . .

  • Place hold
  • Print
  • Cite
  • Add to your cart (remove)
  • Save record
    BIBTEX Dublin Core MARCXML MARC (non-Unicode/MARC-8) MARC (Unicode/UTF-8) MARC (Unicode/UTF-8, Standard) MODS (XML) RIS
  • More searches
    Search for this title in:
    Other Libraries (WorldCat) Other Databases (Google Scholar) Online Stores (Bookfinder.com) Open Library (openlibrary.org)

Exporting to Dublin Core...

SOUTHVILLE LIBRARY

Southville International School and Colleges Library

1281 Tropical Ave. Cor. Luxembourg St., BF Homes International, Las Pinas City

Tel. No. 8256374 / 252358 Loc. 117/146

Powered by Koha